000 00741nam a2200241 i 4500
003 OSt
005 20250319144220.0
008 111021s2011 my ao f 000 0 eng d
020 _a9789671001011
_qpaperback
040 _aPPAK
_beng
_cPPAK
_erda
082 0 4 _223
_a959.50922
090 0 0 _a959.50922
_bASH
_dKZR
100 0 _aA. Shukor Rahman,
_d1941-
_eauthor.
245 1 0 _aA SHARED DESTINY /
_cBy A. Shukor Rahman
264 _aPulau Pinang :
_bA. Shukor Rahman,
_c2011
300 _av, 162 pages :
_billustrations ;
_c30 cm
336 _atext
_2rdacontent
337 _aunmediated
_2rdamedia
338 _avolume
_2rdacarrier
651 0 _aMalaysia
_vBiography
651 0 _aMalaysia
_xHistory
942 _2ddc
_cB
999 _c199263
_d199263